| 000 | 00639nam a22002057a 4500 | ||
|---|---|---|---|
| 942 | _cBK | ||
| 999 |
_c256 _d256 |
||
| 005 | 20250420134802.0 | ||
| 008 | 191212b ||||| |||| 00| 0 eng d | ||
| 020 | _a9781544512402 | ||
| 040 | _cKCST | ||
| 082 |
_a658.8 _bLe Ma |
||
| 100 |
_aLeach, Will _9930 |
||
| 245 |
_aMarketing to mindstates: _bpractical guide to applying behavior design to research and marketing / _cWill Leach |
||
| 260 |
_a[not identified]: _bWill Leach; _c2018. |
||
| 300 | _a255 p. | ||
| 650 |
_aConsumer behavior. _9931 |
||
| 650 |
_aMarketing _xPsychological aspects. _9932 |
||
| 650 |
_aEconomics _xPsychological aspects. _9933 |
||
| 942 | _2ddc | ||